000 003330000a22001330004500
041 0 _aENG
082 0 4 _aG 828.8 L6731g
100 1 _aLewis, C. S. (Clive Staples) (1898-1963)
245 1 0 _aGeorge MacDonald : An anthology / C.S. Lewis
260 _aNew York, N.Y., USA : MacMillan
300 _a128 Pag
001 10900
942 _cBK
999 _c40314
_d40314